Aktivity ECB pri prekonávaní finančnej a dlhovej krízy diplomová práca

Enregistré dans:
Détails bibliographiques
Auteur principal: Svrčková, Katarína
Collectivité auteur: Národohospodárska fakulta EU. Katedra bankovníctva a medzinárodných financií
Autres auteurs: Nemec, Marián
Format: Livre
Langue:slovaque
Publié: Bratislava 2014
Tags: Ajouter un tag
Pas de tags, Soyez le premier à ajouter un tag!

MARC

LEADER 00000nbm a2200000 4500
001 0193225
005 20161212094724.7
041 0 |a slo 
044 |a SK 
245 1 0 |a Aktivity ECB pri prekonávaní finančnej a dlhovej krízy  |b diplomová práca  |c Katarína Svrčková ; školiteľ: Marián Nemec 
264 1 |a Bratislava  |c 2014 
300 |a 76 s. 
100 1 |a Svrčková, Katarína 
700 1 |a Nemec, Marián 
710 2 |a Národohospodárska fakulta EU. Katedra bankovníctva a medzinárodných financií